<?xml version="1.0" encoding="UTF-8"?><?xml-stylesheet type="text/xsl" href="static/style.xsl"?><OAI-PMH xmlns="http://www.openarchives.org/OAI/2.0/" xmlns:xsi="http://www.w3.org/2001/XMLSchema-instance" xsi:schemaLocation="http://www.openarchives.org/OAI/2.0/ http://www.openarchives.org/OAI/2.0/OAI-PMH.xsd"><responseDate>2026-04-13T04:58:27Z</responseDate><request verb="GetRecord" identifier="oai:www.recercat.cat:2099.1/13229" metadataPrefix="marc">https://recercat.cat/oai/request</request><GetRecord><record><header><identifier>oai:recercat.cat:2099.1/13229</identifier><datestamp>2025-07-23T00:52:04Z</datestamp><setSpec>com_2072_1033</setSpec><setSpec>col_2072_452951</setSpec></header><metadata><record xmlns="http://www.loc.gov/MARC21/slim" xmlns:dcterms="http://purl.org/dc/terms/" xmlns:xsi="http://www.w3.org/2001/XMLSchema-instance" xmlns:doc="http://www.lyncode.com/xoai" xsi:schemaLocation="http://www.loc.gov/MARC21/slim http://www.loc.gov/standards/marcxml/schema/MARC21slim.xsd">
   <leader>00925njm 22002777a 4500</leader>
   <datafield ind2=" " ind1=" " tag="042">
      <subfield code="a">dc</subfield>
   </datafield>
   <datafield ind2=" " ind1=" " tag="720">
      <subfield code="a">García Giménez, Ismael</subfield>
      <subfield code="e">author</subfield>
   </datafield>
   <datafield ind2=" " ind1=" " tag="260">
      <subfield code="c">2011-06</subfield>
   </datafield>
   <datafield ind2=" " ind1=" " tag="520">
      <subfield code="a">Aquest projecte tracta sobre l’estudi mitjançant el suport d’un programa d’anàlisi&#xd;
d’elements finits d’una d’una peça per a traumatologia animal.&#xd;
El projecte parteix d’una tesi doctoral formada entre professors de la EPSEVG del&#xd;
Departament de resistència de materials i estructures a l’enginyeria i un metge quirúrgic&#xd;
professor també a la UAB.&#xd;
El veterinari, a partir d’una tècnica utilitzada per a la compensació tensional de&#xd;
l’articulació quan es trenquen els gossos el lligament anterior creuat, la TTA, ha creat el&#xd;
seu propi sistema i mitjançant l’estudi biomecànic dels professors col•laboradors de la&#xd;
EPSEVG es pretén comprovar la viabilitat i la possible optimització d’aquest sistema.&#xd;
En aquest punt entre en joc aquest projecte, a partir de la documentació i plànols sobre&#xd;
el sistema prestada pel veterinari s’ha procedit al seu modelatge aprofitant el suport a&#xd;
nivell de software de l’Autocad i l’NX.&#xd;
Una vegada creats aquests models i amb el coneixement assimilat de la tècnica TTA,&#xd;
s’aprofita la primera hipòtesi biomecànica de la reconfiguració del genoll creada pels&#xd;
professors de la EPSEVG per a realitzar la simulació. Aquesta primera hipòtesi parteix&#xd;
d’una situació estàtica del gos.&#xd;
Finalment es fan unes primeres valoracions del nou comportament de l’os havent-li&#xd;
aplicat la tècnica com també sobre la placa comentant possibles vies d’optimització&#xd;
futures tenint en compte la resistència màxima que pot suportar el material de la&#xd;
mateixa.&#xd;
Aquest projecte aporta a la tesi una primera pedra a partir de la qual queda un llarg camí&#xd;
per recórrer a nivell de l’estudi biomecànic de la nova reconfiguració del genoll a partir&#xd;
de l’aplicació de la tècnica TTA i de properes simulacions més acurades aprofitant&#xd;
aquests nous estudis.</subfield>
   </datafield>
   <datafield tag="653" ind2=" " ind1=" ">
      <subfield code="a">Àrees temàtiques de la UPC::Enginyeria biomèdica::Biomecànica</subfield>
   </datafield>
   <datafield tag="653" ind2=" " ind1=" ">
      <subfield code="a">Lligament</subfield>
   </datafield>
   <datafield tag="653" ind2=" " ind1=" ">
      <subfield code="a">Modelatge</subfield>
   </datafield>
   <datafield tag="653" ind2=" " ind1=" ">
      <subfield code="a">Tíbia</subfield>
   </datafield>
   <datafield tag="653" ind2=" " ind1=" ">
      <subfield code="a">Simulació</subfield>
   </datafield>
   <datafield tag="653" ind2=" " ind1=" ">
      <subfield code="a">TTA</subfield>
   </datafield>
   <datafield tag="653" ind2=" " ind1=" ">
      <subfield code="a">Element finit</subfield>
   </datafield>
   <datafield tag="653" ind2=" " ind1=" ">
      <subfield code="a">Biomecànica</subfield>
   </datafield>
   <datafield ind2="0" ind1="0" tag="245">
      <subfield code="a">Simulació i optimització d'una peça per a traumatologia animal</subfield>
   </datafield>
</record></metadata></record></GetRecord></OAI-PMH>